Book review - Bárdossy Gy. Karsztbauxitok : bauxittelepek karbonátos kőzeteken /

Elmentve itt :
Bibliográfiai részletek
Szerző: Balogh Kálmán
További közreműködők: Bárdossy György
Dokumentumtípus: Cikk
Megjelent: University of Szeged, Department of Mineralogy, Geochemistry and Petrology Szeged 1979
Sorozat:Acta mineralogica-petrographica 24 No. 1
Kulcsszavak:Bauxit - geológia - könyvismertetés
Tárgyszavak:
Online Access:http://acta.bibl.u-szeged.hu/24652
LEADER 00906nab a2200217 i 4500
001 acta24652
005 20220725114641.0
008 161017s1979 hu o 0|| eng d
022 |a 0365-8066 
040 |a SZTE Egyetemi Kiadványok Repozitórium  |b hun 
041 |a eng 
100 1 |a Balogh Kálmán 
245 1 0 |a Book review - Bárdossy Gy.  |h [elektronikus dokumentum] :  |b Karsztbauxitok : bauxittelepek karbonátos kőzeteken /  |c  Balogh Kálmán 
260 |a University of Szeged, Department of Mineralogy, Geochemistry and Petrology  |b Szeged  |c 1979 
300 |a 187-188 
490 0 |a Acta mineralogica-petrographica  |v 24 No. 1 
650 4 |a Természettudományok 
650 4 |a Föld- és kapcsolódó környezettudományok 
695 |a Bauxit - geológia - könyvismertetés 
700 0 1 |a Bárdossy György 
856 4 0 |u http://acta.bibl.u-szeged.hu/24652/1/mineralogica_024_fasc_001_187-188.pdf  |z Dokumentum-elérés